Elementary mechanics of fluids (Record no. 349948)

MARC details
000 -LEADER
fixed length control field 003320000a22001330004500
082 ## - DEWEY DECIMAL CLASSIFICATION NUMBER
Classification number 615.321 CUL
100 ## - MAIN ENTRY--PERSONAL NAME
Personal name CULPEPER'S
245 ## - TITLE STATEMENT
Title Elementary mechanics of fluids
260 ## - PUBLICATION, DISTRIBUTION, ETC. (IMPRINT)
Place of publication, distribution, etc. NewYork, John Wiley & Sons INC
260 ## - PUBLICATION, DISTRIBUTION, ETC. (IMPRINT)
Date of publication, distribution, etc. 1946
490 ## - SERIES STATEMENT
Series statement Wiley International edition
650 ## - SUBJECT ADDED ENTRY--TOPICAL TERM
Topical term or geographic name as entry element Fluid mechanics / physics
942 ## - ADDED ENTRY ELEMENTS (KOHA)
Koha item type Books (General)
Holdings
Withdrawn status Lost status Damaged status Not for loan Collection code Home library Current library Shelving location Date acquired Total Checkouts Full call number Barcode Date last seen Price effective from Koha item type
        Malayalam College of Agriculture, Vellayani College of Agriculture, Vellayani   02/05/2014   615.321 CUL KAU_COAV-7650 02/05/2014 12/05/2022 Books (General)
Kerala Agricultural University Central Library
Thrissur-(Dt.), Kerala Pin:- 680656, India
Ph : (+91)(487) 2372219
E-mail: librarian@kau.in
Website: http://library.kau.in/